000 00528nam a2200181 4500
001 127
005 20181127160505.0
008 820518s1982 nyua b 001 0 eng
010 _a 81082171
020 _a0155512153
100 1 _aShapiro, Edward,
_d1920-
245 1 0 _aMacroeconomic analysis /
_cEdward Shapiro.
250 _a5th ed.
260 _aNew York :
_bHarcourt Brace Jovanovich,
_cc1982.
300 _axix, 632 p. :
_bill. ;
_c25 cm.
504 _aIncludes bibliographical references and index.
650 0 _aMacroeconomics.
999 _c112
_d112